[Event "Subcarpathian-chT"]
[Site "Bystre"]
[Date "2021.06.13"]
[Round "9.23"]
[White "Mastej, Krzysztof"]
[Black "Szaro, Mariusz"]
[Result "0-1"]
[WhiteElo "1256"]
[BlackElo "1566"]
[PlyCount "72"]
[EventDate "2021.06.09"]
[EventType "team-tourn"]
[EventRounds "9"]
[EventCountry "POL"]
[SourceTitle "EXT 2022"]
[Source "ChessBase"]
[SourceDate "2021.10.06"]
[SourceVersion "1"]
[SourceVersionDate "2021.10.06"]
[SourceQuality "1"]

1. e4 e6 2. d4 d5 3. e5 c5 4. c3 Ne7 5. Nf3 Nec6 6. Bd3 b6 7. a3 a5 8. a4 Ba6 9. 0-0 Be7 10. Na3 Bxd3 11. Qxd3 c4 12. Qc2 Nd7 13. Be3 f5 14. Qd2 h6 15. h3 g5 16. Qe2 h5 17. Nh2 Nf8 18. f4 g4 19. Kh1 Ng6 20. Rad1 Kf7 21. hxg4 hxg4 22. g3 Qf8 23. Kg2 Bxa3 24. bxa3 Qxa3 25. Qc2 Rab8 26. Nxg4 fxg4 27. f5 Nge7 28. fxe6+ Kxe6 29. Qe2 Rbg8 30. Rf6+ Kd7 31. Bf4 Qxc3 32. e6+ Kc8 33. Rd2 Nxd4 34. Qf2 Qf3+ 35. Qxf3 Nxf3 36. Rb2 Rh2+ 0-1

[Event "Subcarpathian-chT"]
[Site "Bystre"]
[Date "2021.06.12"]
[Round "6.5"]
[White "Zgoda, Damian"]
[Black "Mastej, Krzysztof"]
[Result "0-1"]
[WhiteElo "1690"]
[BlackElo "1256"]
[PlyCount "96"]
[EventDate "2021.06.09"]
[EventType "team-tourn"]
[EventRounds "9"]
[EventCountry "POL"]
[SourceTitle "EXT 2022"]
[Source "ChessBase"]
[SourceDate "2021.10.06"]
[SourceVersion "1"]
[SourceVersionDate "2021.10.06"]
[SourceQuality "1"]

1. d4 Nf6 2. Bg5 d5 3. Nf3 c5 4. e3 Bf5 5. Bd3 Bg6 6. c3 e6 7. Qa4+ Nc6 8. Bb5 Qb6 9. Ne5 Rc8 10. Nd2 a6 11. Bxc6+ bxc6 12. 0-0 Bd6 13. Ndf3 Ne4 14. Bf4 Bxe5 15. Nxe5 f6 16. Nxg6 hxg6 17. Qa3 Kf7 18. f3 Nd2 19. dxc5 Qb7 20. Rf2 Nc4 21. Qb3 Qa7 22. e4 e5 23. exd5 cxd5 24. Bc1 Rxc5 25. Qa4 Rhc8 26. Qd1 Rb5 27. a4 Rb7 28. Qxd5+ Kf8 29. g3 Rd7 30. Qe6 Rcc7 31. b3 Re7 32. Qg4 Ne3 33. Bxe3 Qxe3 34. Qxg6 Rxc3 35. Rd1 Rc1 36. Rxc1 Qxc1+ 37. Kg2 Rd7 38. Qc2 Rc7 39. Qxc1 Rxc1 40. Rb2 a5 41. Kf2 Rh1 42. Ke3 Rd1 43. Rd2 Rb1 44. Rd3 Ke7 45. h4 Ke6 46. g4 g6 47. Rc3 Kd5 48. Kd3 Rb2 0-1

[Event "Subcarpathian-chT"]
[Site "Bystre"]
[Date "2021.06.11"]
[Round "5.27"]
[White "Stefanski, Adam"]
[Black "Mastej, Krzysztof"]
[Result "1/2-1/2"]
[WhiteElo "1431"]
[BlackElo "1256"]
[PlyCount "94"]
[EventDate "2021.06.09"]
[EventType "team-tourn"]
[EventRounds "9"]
[EventCountry "POL"]
[SourceTitle "EXT 2022"]
[Source "ChessBase"]
[SourceDate "2021.10.06"]
[SourceVersion "1"]
[SourceVersionDate "2021.10.06"]
[SourceQuality "1"]

1. Nf3 d5 2. e3 c5 3. b3 Nf6 4. Bb2 e6 5. c4 Nc6 6. d4 Qc7 7. Nc3 b6 8. Be2 Bb7 9. dxc5 Bxc5 10. cxd5 Rd8 11. Bc4 0-0 12. 0-0 Ne7 13. Nb5 Qb8 14. Be5 Qa8 15. d6 Ned5 16. Qe2 Ne8 17. Rfd1 Bxd6 18. Nxd6 Nxd6 19. Ng5 h6 20. Nf3 Nxc4 21. Qxc4 Nxe3 22. fxe3 Bxf3 23. Rxd8 Rxd8 24. gxf3 Qxf3 25. Qf4 Qe2 26. Bd4 f6 27. Qf2 Qd3 28. Rf1 e5 29. Bb2 Qg6+ 30. Qg2 Qh5 31. Rxf6 Rd1+ 32. Rf1 Rxf1+ 33. Qxf1 Qg5+ 34. Kf2 Qf5+ 35. Kg1 Qg5+ 36. Qg2 Qxe3+ 37. Qf2 Qe4 38. Qd2 Qg4+ 39. Kf1 Qf3+ 40. Kg1 Qg4+ 41. Kf2 Qh4+ 42. Ke3 Qf4+ 43. Kd3 e4+ 44. Kc2 e3 45. Qd8+ Kh7 46. Qd3+ Kg8 47. Qd8+ Kf7 1/2-1/2

[Event "Subcarpathian-chT"]
[Site "Bystre"]
[Date "2021.06.10"]
[Round "3.21"]
[White "Kopacz, Lukasz"]
[Black "Mastej, Krzysztof"]
[Result "1/2-1/2"]
[WhiteElo "1885"]
[BlackElo "1256"]
[PlyCount "37"]
[EventDate "2021.06.09"]
[EventType "team-tourn"]
[EventRounds "9"]
[EventCountry "POL"]
[SourceTitle "EXT 2022"]
[Source "ChessBase"]
[SourceDate "2021.10.06"]
[SourceVersion "1"]
[SourceVersionDate "2021.10.06"]
[SourceQuality "1"]

1. c4 e5 2. g3 Nf6 3. Bg2 Nc6 4. d3 Be7 5. e3 0-0 6. Ne2 d5 7. 0-0 Be6 8. b3 Qd7 9. Bb2 Rad8 10. Nbc3 a6 11. a3 Bh3 12. Qc2 Bxg2 13. Kxg2 dxc4 14. dxc4 Qg4 15. h3 Qg6 16. Qxg6 hxg6 17. Rad1 Na5 18. Nc1 c5 19. Nd5 1/2-1/2